Подготовка результатов непрерывного вейвлет-преобразования к автоматизированной обработке; Известия Томского политехнического университета [Известия ТПУ]; Т. 309, № 7
| Источник: | Известия Томского политехнического университета [Известия ТПУ]/ Томский политехнический университет (ТПУ).— , 2000- Т. 309, № 7.— 2006.— [С. 32-35] |
|---|---|
| Главный автор: | |
| Другие авторы: | |
| Примечания: | Заглавие с титульного листа Электронная версия печатной публикации Выявлены недостатки непрерывного вейвлет-преобразования не позволяющие производить их автоматизированную обработку при решении задачи классификации частотных составляющих сигнала. Предложен эвристический алгоритм, повышающий информативность карт проекций изолиний вейвлет-преобразования. Показана возможность использования алгоритма для подготовки информации к дальнейшей автоматизированной обработке. |
| Язык: | русский |
| Опубликовано: |
2006
|
| Серии: | Естественные науки |
| Предметы: | |
| Online-ссылка: | http://www.lib.tpu.ru/fulltext/v/Bulletin_TPU/2006/v309/i7/07.pdf |
| Формат: | MixedMaterials Электронный ресурс Статья |
| Запись в KOHA: | https://koha.lib.tpu.ru/cgi-bin/koha/opac-detail.pl?biblionumber=171745 |
MARC
| LEADER | 00000nla2a2200000 4500 | ||
|---|---|---|---|
| 001 | 171745 | ||
| 005 | 20240220110733.0 | ||
| 035 | |a (RuTPU)RU\TPU\book\186211 | ||
| 035 | |a RU\TPU\book\186210 | ||
| 090 | |a 171745 | ||
| 100 | |a 20091208d2006 k y0rusy50 ca | ||
| 101 | 0 | |a rus | |
| 102 | |a RU | ||
| 135 | |a drnn ---uucaa | ||
| 181 | 0 | |a i | |
| 182 | 0 | |a b | |
| 200 | 1 | |a Подготовка результатов непрерывного вейвлет-преобразования к автоматизированной обработке |f А. С. Фадеев, Е. А. Кочегурова | |
| 203 | |a Текст |c электронный | ||
| 215 | |a 1 файл (692 Кб) | ||
| 225 | 1 | |a Естественные науки | |
| 300 | |a Заглавие с титульного листа | ||
| 300 | |a Электронная версия печатной публикации | ||
| 320 | |a [Библиогр.: с. 35 (7 назв.)] | ||
| 330 | |a Выявлены недостатки непрерывного вейвлет-преобразования не позволяющие производить их автоматизированную обработку при решении задачи классификации частотных составляющих сигнала. Предложен эвристический алгоритм, повышающий информативность карт проекций изолиний вейвлет-преобразования. Показана возможность использования алгоритма для подготовки информации к дальнейшей автоматизированной обработке. | ||
| 337 | |a Adobe Reader | ||
| 461 | 1 | |0 (RuTPU)RU\TPU\book\176237 |t Известия Томского политехнического университета [Известия ТПУ] |f Томский политехнический университет (ТПУ) |d 2000- | |
| 463 | 1 | |0 (RuTPU)RU\TPU\book\186202 |t Т. 309, № 7 |v [С. 32-35] |d 2006 |p 274 с. | |
| 610 | 1 | |a вейвлет-преобразования | |
| 610 | 1 | |a автоматизированная обработка | |
| 610 | 1 | |a недостатки | |
| 610 | 1 | |a задачи | |
| 610 | 1 | |a классификации | |
| 610 | 1 | |a частотные составляющие | |
| 610 | 1 | |a сигналы | |
| 610 | 1 | |a эвристический алгоритм | |
| 610 | 1 | |a карты | |
| 610 | 1 | |a проекции | |
| 610 | 1 | |a изолинии | |
| 610 | 1 | |a информация | |
| 610 | 1 | |a труды учёных ТПУ | |
| 610 | 1 | |a электронный ресурс | |
| 700 | 1 | |a Фадеев |b А. С. |c специалист в области информатики и вычислительной техники |c проректор по цифровизации - директор центра цифровых образовательных технологий, доцент Томского политехнического университета, кандидат технических наук |f 1981- |g Александр Сергеевич |3 (RuTPU)RU\TPU\pers\29662 |9 14175 | |
| 701 | 1 | |a Кочегурова |b Е. А. |c специалист в области информатики и вычислительной техники |c доцент Томского политехнического университета, кандидат технических наук |f 1958- |g Елена Алексеевна |3 (RuTPU)RU\TPU\pers\27090 |9 12640 | |
| 801 | 1 | |a RU |b 63413507 |c 20090623 |g PSBO | |
| 801 | 2 | |a RU |b 63413507 |c 20211110 |g PSBO | |
| 856 | 4 | |u http://www.lib.tpu.ru/fulltext/v/Bulletin_TPU/2006/v309/i7/07.pdf | |
| 942 | |c CF | ||